<?xml version="1.0" encoding="UTF-8"?><marc:collection xmlns:marc="http://www.loc.gov/MARC21/slim">
  <marc:record>
    <marc:leader>00000nam##2200000za#4500</marc:leader>
    <marc:controlfield tag="001">9.580655</marc:controlfield>
    <marc:controlfield tag="003">CaOODSP</marc:controlfield>
    <marc:controlfield tag="005">20210624191137</marc:controlfield>
    <marc:controlfield tag="007">cr |||||||||||</marc:controlfield>
    <marc:controlfield tag="008">150406|2014||||xxc|||||o    f|0| 0 eng|d</marc:controlfield>
    <marc:datafield tag="020" ind1=" " ind2=" ">
      <marc:subfield code="a">978-1-100-24947-6</marc:subfield>
    </marc:datafield>
    <marc:datafield tag="022" ind1=" " ind2=" ">
      <marc:subfield code="a">1495-0782</marc:subfield>
    </marc:datafield>
    <marc:datafield tag="040" ind1=" " ind2=" ">
      <marc:subfield code="a">CaOODSP</marc:subfield>
      <marc:subfield code="b">eng</marc:subfield>
    </marc:datafield>
    <marc:datafield tag="043" ind1=" " ind2=" ">
      <marc:subfield code="a">n-cn---</marc:subfield>
    </marc:datafield>
    <marc:datafield tag="086" ind1="1" ind2=" ">
      <marc:subfield code="a">FA1-2/2014-1-3E-PDF</marc:subfield>
    </marc:datafield>
    <marc:datafield tag="110" ind1="1" ind2=" ">
      <marc:subfield code="a">Canada. </marc:subfield>
      <marc:subfield code="b">Office of the Auditor General.</marc:subfield>
    </marc:datafield>
    <marc:datafield tag="245" ind1="1" ind2="0">
      <marc:subfield code="a">Report of the Commissioner of the Environment and Sustainable Development. Chapter 3, : </marc:subfield>
      <marc:subfield code="h">[electronic resource]</marc:subfield>
      <marc:subfield code="b">marine navigation in the Canadian Arctic </marc:subfield>
    </marc:datafield>
    <marc:datafield tag="260" ind1=" " ind2=" ">
      <marc:subfield code="a">Ottawa - Ontario : </marc:subfield>
      <marc:subfield code="b">Office of the Auditor General of Canada </marc:subfield>
    </marc:datafield>
    <marc:datafield tag="300" ind1=" " ind2=" ">
      <marc:subfield code="a">40p.</marc:subfield>
      <marc:subfield code="b">figs., maps, tables, photographs</marc:subfield>
    </marc:datafield>
    <marc:datafield tag="490" ind1="1" ind2=" ">
      <marc:subfield code="a">Report of the Commissioner of the Environment and Sustainable Development to the House of Commons. [Chapters]</marc:subfield>
      <marc:subfield code="x">1495-0782</marc:subfield>
      <marc:subfield code="v">Fall 2014</marc:subfield>
    </marc:datafield>
    <marc:datafield tag="520" ind1="3" ind2=" ">
      <marc:subfield code="a">The objective of this audit was to determine whether Transport Canada, Fisheries and Oceans Canada (including the Canadian Coast Guard and the Canadian Hydrographic Service), and Environment Canada adequately support safe marine navigation in Canadian Arctic waters. Safe marine navigation is critical for preventing spills.</marc:subfield>
    </marc:datafield>
    <marc:datafield tag="590" ind1=" " ind2=" ">
      <marc:subfield code="a">14-41</marc:subfield>
      <marc:subfield code="b">2014-10-10</marc:subfield>
    </marc:datafield>
    <marc:datafield tag="775" ind1="0" ind2="8">
      <marc:subfield code="t">Rapport du commissaire à l'environnement et au développement durable. Chapitre 3, : </marc:subfield>
      <marc:subfield code="w">(CaOODSP)9.607547</marc:subfield>
    </marc:datafield>
    <marc:datafield tag="776" ind1="0" ind2="#">
      <marc:subfield code="t">Report of the Commissioner of the Environment and Sustainable Development. Chapter 3 : </marc:subfield>
      <marc:subfield code="w">(CaOODSP)9.620544</marc:subfield>
    </marc:datafield>
    <marc:datafield tag="830" ind1="#" ind2="0">
      <marc:subfield code="a">Report of the Commissioner of the Environment and Sustainable Development to the House of Commons. [Chapters]</marc:subfield>
      <marc:subfield code="x">1495-0782</marc:subfield>
      <marc:subfield code="v">Fall 2014</marc:subfield>
      <marc:subfield code="w">(CaOODSP)9.506251</marc:subfield>
    </marc:datafield>
    <marc:datafield tag="856" ind1="4" ind2="0">
      <marc:subfield code="a">http://publications.gc.ca</marc:subfield>
      <marc:subfield code="q">PDF</marc:subfield>
      <marc:subfield code="s">2.46 MB</marc:subfield>
      <marc:subfield code="u">https://publications.gc.ca/collections/collection_2014/bvg-oag/FA1-2-2014-1-3-eng.pdf</marc:subfield>
      <marc:subfield code="y">Fall 2014</marc:subfield>
    </marc:datafield>
  </marc:record>
</marc:collection>
